<?xml version="1.0" encoding="UTF-8"?>
<collection xmlns="http://www.loc.gov/MARC21/slim">
 <record>
  <leader>00266nam a22000975  4500</leader>
  <controlfield tag="001">1/24972</controlfield>
  <datafield tag="035" ind1=" " ind2=" ">
   <subfield code="l">26757</subfield>
  </datafield>
  <datafield tag="040" ind1=" " ind2=" ">
   <subfield code="a">GR-PeUP</subfield>
  </datafield>
  <datafield tag="100" ind1="1" ind2=" ">
   <subfield code="a">A.K. Gupta, T. Varga.</subfield>
  </datafield>
  <datafield tag="245" ind1="1" ind2="0">
   <subfield code="a">Aspects of Risk Theory (Applied Probability)</subfield>
  </datafield>
  <datafield tag="852" ind1=" " ind2=" ">
   <subfield code="a">INST</subfield>
   <subfield code="b">UNIPILB</subfield>
   <subfield code="c">MAIN</subfield>
   <subfield code="e">20200922</subfield>
   <subfield code="p">00026757</subfield>
   <subfield code="q">00026757</subfield>
   <subfield code="t">LOAN</subfield>
   <subfield code="y">0</subfield>
  </datafield>
 </record>
</collection>
